366 and more nature stories. (Record no. 12373)
[ view plain ]
| 000 -LEADER | |
|---|---|
| fixed length control field | 00676nam a22002057a 4500 |
| 003 - CONTROL NUMBER IDENTIFIER | |
| control field | OSt |
| 005 - DATE AND TIME OF LATEST TRANSACTION | |
| control field | 20140310182351.0 |
| 008 - FIXED-LENGTH DATA ELEMENTS--GENERAL INFORMATION | |
| fixed length control field | 130930t xxu||||| |||| 00| 0 eng d |
| 020 ## - INTERNATIONAL STANDARD BOOK NUMBER | |
| International Standard Book Number | 0709706847 |
| 050 ## - LIBRARY OF CONGRESS CALL NUMBER | |
| Classification number | QH 48 |
| Item number | .B714 1998 |
| 082 ## - DEWEY DECIMAL CLASSIFICATION NUMBER | |
| Classification number | GS 823.912 |
| Item number | . T41 1998 |
| 100 ## - MAIN ENTRY--PERSONAL NAME | |
| Personal name | Bonhomme, Annie |
| 9 (RLIN) | 22184 |
| 245 ## - TITLE STATEMENT | |
| Title | 366 and more nature stories. |
| Statement of responsibility, etc | Illustrated by Annie Bonhomme ; translation by Colin Clark |
| 260 ## - PUBLICATION, DISTRIBUTION, ETC. (IMPRINT) | |
| Place of publication, distribution, etc | England : |
| Name of publisher, distributor, etc | Brown Watson, |
| Date of publication, distribution, etc | 1998. |
| 300 1# - PHYSICAL DESCRIPTION | |
| Extent | 192 p. : |
| Other physical details | col. ill. ; |
| Dimensions | 27 cm. |
| 650 ## - SUBJECT ADDED ENTRY--TOPICAL TERM | |
| Topical term or geographic name as entry element | Nature stories |
| General subdivision | English. |
| 9 (RLIN) | 22185 |
| 650 ## - SUBJECT ADDED ENTRY--TOPICAL TERM | |
| Topical term or geographic name as entry element | Children's Stories |
| General subdivision | England. |
| 9 (RLIN) | 22186 |
| 650 ## - SUBJECT ADDED ENTRY--TOPICAL TERM | |
| Topical term or geographic name as entry element | Animals |
| General subdivision | Juvenile literature. |
| 9 (RLIN) | 22187 |
| 942 ## - ADDED ENTRY ELEMENTS (KOHA) | |
| Source of classification or shelving scheme | Library of Congress Classification |
| Koha item type | |
| Withdrawn status | Lost status | Source of classification or shelving scheme | Damaged status | Home library | Current library | Shelving location | Date acquired | Total Checkouts | Full call number | Barcode | Date last seen | Copy number | Price effective from | Koha item type |
|---|---|---|---|---|---|---|---|---|---|---|---|---|---|---|
| Library of Congress Classification | Luxembourg Library | Luxembourg Library | Grade School Section | 09/30/2013 | QH 48 .B714 1998 | 14382 | 02/09/2015 | 1 | 09/30/2013 | Books |